| 000 | 01319cam a2200373 i 4500 | ||
|---|---|---|---|
| 001 | 41970 | ||
| 003 | Mx-PuUPA | ||
| 005 | 20260126125609.0 | ||
| 008 | 140415s2012 sp gr 001 0 spa d | ||
| 017 | _aB-9791-2012 | ||
| 020 | _a9788449327155 | ||
| 040 |
_cMx-PuUPA _aMx-PuUPA _bspa _dMx-PuUPA _erda |
||
| 041 | 1 |
_aspa _heng |
|
| 100 | 1 |
_aChurchland, Patricia Smith, _eautor _917790 |
|
| 240 | 1 | 0 |
_aBraintrust. _lEspañol |
| 245 | 1 | 3 |
_aEl cerebro moral : _blo que la neurociencia nos cuenta sobre la moralidad / _cPatricia S. Churchland ; traducción, Carme Font Paz |
| 250 |
_a1a. edición / _bmayo |
||
| 264 | 1 |
_aBarcelona, España : _bPaidós, _c2012 |
|
| 300 |
_a319 páginas ; _c24 cm |
||
| 336 |
_2rdacontent _atexto _btxt |
||
| 337 |
_2rdamedia _asin medio _bn |
||
| 338 |
_2rdacarrier _avolumen _bnc |
||
| 490 | 0 | _aPaidós Transiciones | |
| 650 | 7 |
_2armarc _913986 _aÉtica |
|
| 650 | 7 |
_2armarc _aNeurobiología |
|
| 650 | 7 |
_2armarc _aNeuropsicología |
|
| 650 | 7 |
_2armarc _aNeurociencias _xMétodos |
|
| 650 | 7 |
_2armarc _aFilosofía |
|
| 700 | 1 | _aFont Paz, Carme | |
| 765 | 0 |
_aChurchland, Patricia S. _tBraintrust _d[lugar de publicación no identificado] : Princeton University Press, ©2011 |
|
| 942 |
_2ddc _cLI _h612.8 _iC5518 |
||
| 999 |
_c41970 _d41970 |
||